书目信息 |
| 题名: |
建筑施工技术
|
|
| 作者: | 李高锋 , 刘大鹏 , 焦文俊 主编 | |
| 分册: | ||
| 出版信息: | 南京 南京大学出版社 2020.12 |
|
| 页数: | 276页 | |
| 开本: | 26cm | |
| 丛书名: | 高等职业教育“互联网+”土建系列教材 | |
| 单 册: | ||
| 中图分类: | TU74 | |
| 科图分类: | ||
| 主题词: | 建筑施工--jian zhu shi gong--技术--高等职业教育--教材 | |
| 电子资源: | ||
| ISBN: | 978-7-305-23926-7 | |
| 000 | 01633nam 2200301 450 | |
| 001 | 202021190146 | |
| 005 | 20211025120124.0 | |
| 010 | @a978-7-305-23926-7@dCNY48.00 | |
| 100 | @a20210919d2020 em y0chiy50 ea | |
| 101 | 0 | @achi |
| 102 | @aCN@b320000 | |
| 105 | @aak a 000yy | |
| 106 | @ar | |
| 200 | 1 | @a建筑施工技术@Ajian zhu shi gong ji shu@f主编李高锋, 刘大鹏, 焦文俊 |
| 210 | @a南京@c南京大学出版社@d2020.12 | |
| 215 | @a276页@c图@d26cm | |
| 225 | 2 | @a高等职业教育“互联网+”土建系列教材@Agao deng zhi ye jiao yu “ hu lian wang +” tu jian xi lie jiao cai@i工程造价专业 |
| 320 | @a有书目 (第276页) | |
| 330 | @a本书是一本高等职业教育教材, 本教材依托立体化教材建设项目, 基于学校首批课程思政引领项目建设成果, 将课程思政相关要素有机融入教材建设, 打造适用于工程管理类专业群的建筑工程施工技术教材。根据国家、行业及地方最新的标准、规范要求, 结合了建筑工程技术管理人员实际工作和建筑工程技术管理体系特点, 紧扣建筑施工新技术、新材料、新工艺、新产品的发展步伐, 对涉及建筑施工的专业知识, 进行了科学、合理的划分, 由浅入深, 重点突出。主要内容有: 土方工程、桩基础施工、钢筋混凝土结构工程、预应力混凝土结构工程、结构安装工程、砌体工程、防水工程、装饰工程。本教材基于建筑工程施工虚拟仿真实训平台及配套资源 (视频、动画等) , 配备了充实的立体化教材内容。 | |
| 410 | 0 | @12001 @a高等职业教育“互联网+”土建系列教材@i工程造价专业 |
| 606 | 0 | @a建筑施工@Ajian zhu shi gong@x技术@x高等职业教育@j教材 |
| 690 | @aTU74@v5 | |
| 701 | 0 | @a李高锋@Ali gao feng@4主编 |
| 701 | 0 | @a刘大鹏@Aliu da peng@4主编 |
| 701 | 0 | @a焦文俊@Ajiao wen jun@4主编 |
| 801 | 0 | @aCN@c20210909 |
| 803 | @a高职 | |
| 905 | @a河南城建学院图书馆@dTU74@eL161 | |
| 建筑施工技术/主编李高锋, 刘大鹏, 焦文俊.-南京:南京大学出版社,2020.12 |
| 276页:图;26cm.-(高等职业教育“互联网+”土建系列教材.工程造价专业) |
| ISBN 978-7-305-23926-7:CNY48.00 |
| 本书是一本高等职业教育教材, 本教材依托立体化教材建设项目, 基于学校首批课程思政引领项目建设成果, 将课程思政相关要素有机融入教材建设, 打造适用于工程管理类专业群的建筑工程施工技术教材。根据国家、行业及地方最新的标准、规范要求, 结合了建筑工程技术管理人员实际工作和建筑工程技术管理体系特点, 紧扣建筑施工新技术、新材料、新工艺、新产品的发展步伐, 对涉及建筑施工的专业知识, 进行了科学、合理的划分, 由浅入深, 重点突出。主要内容有: 土方工程、桩基础施工、钢筋混凝土结构工程、预应力混凝土结构工程、结构安装工程、砌体工程、防水工程、装饰工程。本教材基于建筑工程施工虚拟仿真实训平台及配套资源 (视频、动画等) , 配备了充实的立体化教材内容。 |
| ● |
| 相关链接 |
|
|
|
正题名:建筑施工技术
索取号:TU74/L161
 
预约/预借
| 序号 | 登录号 | 条形码 | 馆藏地/架位号 | 状态 | 备注 |
| 1 | 1539717 | 215397176 | 建筑库201/201建筑库 107排7列2层/ [索取号:TU74/L161] | 在馆 | |
| 2 | 1539718 | 215397185 | 建筑库201/201建筑库 107排7列2层/ [索取号:TU74/L161] | 在馆 |